| 000 | 00595nam a2200181 a 4500 | ||
|---|---|---|---|
| 001 | 000022339 | ||
| 005 | 20200930011706.0 | ||
| 008 | 100930s1974 ag 001 0 spa d | ||
| 040 |
_aDO-SdBNP _bspa _cBNPHU |
||
| 100 | 1 |
_aWhite, william S. _946098 |
|
| 245 | 1 | 4 |
_aLos responsables : _bTuman Taft Eisenhower Kennedy Johnson / _cWilliam S. White; traductor Manuel Barberá. |
| 260 |
_aBuenos Aires : _bEdisiones economía y empresa/Prolam, _c1974. |
||
| 300 |
_a197 p. ; _c23 cm. |
||
| 490 | 1 | _aLa empresa | |
| 700 | 1 |
_aBarberá, Manuel _etr. _99940 |
|
| 830 | 0 |
_aLa empresa _946099 |
|
| 049 | _aBNPD | ||
| 999 |
_c21837 _d21837 |
||